| 000 | 00424nam a22001697a 4500 | ||
|---|---|---|---|
| 005 | 20160613113135.0 | ||
| 008 | 160613b xxu||||| |||| 00| 0 eng d | ||
| 020 | _a81-87433-84-1 | ||
| 041 | _aeng | ||
| 082 | _b7170 | ||
| 100 |
_aRama Meutham S _91765 |
||
| 245 | _aHydrewlics Fluid Mechanics and Fluid Machines | ||
| 260 |
_bDhapat Raj & Co _c2001 |
||
| 300 | _a1299 | ||
| 650 |
_aDIPLOMA ENGINEERING _9817 |
||
| 942 | _cBK | ||
| 999 |
_c2483 _d2482 |
||